ბათუმის შოთა რუსთაველის სახელმწიფო უნივერსიტეტის ბიბლიოთეკა

ატომი. ბირთვი. ენერგია (ბიბ.ჩანაწერი № 44518)

000 -LEADER
fixed length control field 00626nam a2200217Ia 4500
001 - CONTROL NUMBER
control field 11321
003 - CONTROL NUMBER IDENTIFIER
control field GE_BSU
008 - FIXED-LENGTH DATA ELEMENTS--GENERAL INFORMATION
fixed length control field 181216s||||||||xx |||||||||||||| ||und||
040 ## - CATALOGING SOURCE
Transcribing agency GE_BSU
080 ## - UNIVERSAL DECIMAL CLASSIFICATION NUMBER
Universal Decimal Classification number 539.18
100 ## - MAIN ENTRY--PERSONAL NAME
Personal name პოლიტოვი ნ.
245 ## - TITLE STATEMENT
Title ატომი. ბირთვი. ენერგია
245 ## - TITLE STATEMENT
Statement of responsibility, etc. რედ: მ. მირიანაშვილი
260 ## - PUBLICATION, DISTRIBUTION, ETC.
Place of publication, distribution, etc. თბილისი
260 ## - PUBLICATION, DISTRIBUTION, ETC.
Name of publisher, distributor, etc. ცოდნა
260 ## - PUBLICATION, DISTRIBUTION, ETC.
Date of publication, distribution, etc. 1957
300 ## - PHYSICAL DESCRIPTION
Extent 221გვ.22სმ.
300 ## - PHYSICAL DESCRIPTION
Accompanying material ილ.
653 ## - INDEX TERM--UNCONTROLLED
Uncontrolled term ატომი. ბირთვი. ენერგია
942 ## - ADDED ENTRY ELEMENTS (KOHA)
Koha item type წიგნი
ეგზემპლარები
Withdrawn status Lost status Damaged status Not for loan Date acquired Barcode Date last seen Price effective from Koha item type
        2018-12-17 19717 2018-12-17 2018-12-17 წიგნი